La gente del agua : vínculos comunitarios tejidos alrededor de la construcción de los barrios altos de Usme /

Bibliographic Details
Main Authors: Valdés Martínez, Marlon David (Author), Toncón Chaparro, Julián Alberto (Author)
Format: Electronic eBook
Language:Spanish
Published: Bogotá : Editorial Aula de Humanidades, 2024.
Edition:Primera edición.
Series:Educación y pedagogía (Editorial Aula de Humanidades). Inclusión.
Subjects:
Online Access:Digitalia Hispánica

MARC

LEADER 00000nam a2200000 i 4500
001 DIGAUHUM0001
003 NyNyDIG
006 m o d
007 cr |||||||||||
008 241029s2024 ck a ob 001 0 spa d
035 |a (OCoLC)1464119734 
040 |a DGITA  |b eng  |e rda  |e pn  |c DGITA 
020 |a 9786287700239  |q (versión digital) 
020 |z 9786287700222  |q (versión impresa) 
043 |a s-ck--- 
050 1 4 |a HT129.C7 ebook 
100 1 |a Valdés Martínez, Marlon David,  |e author. 
245 1 3 |a La gente del agua :  |b vínculos comunitarios tejidos alrededor de la construcción de los barrios altos de Usme /  |c Marlon David Valdés Martínez, Julián Alberto Toncón Chaparro. 
250 |a Primera edición. 
264 1 |a Bogotá :  |b Editorial Aula de Humanidades,  |c 2024. 
300 |a 1 online resource :  |b illustrations. 
336 |a text  |b txt  |2 rdacontent 
337 |a computer  |b c  |2 rdamedia 
338 |a online resource  |b cr  |2 rdacarrier 
347 |a text file  |2 rdaft 
347 |b PDF 
490 1 |a Colección Educación y pedagogía. Serie Inclusión 
504 |a Includes bibliographical references and indexes. 
588 0 |a Online resource; title from PDF title page (Digitalia, viewed October 29, 2024) 
650 0 |a Sociology, Urban  |z Colombia  |z Bogota. 
650 0 |a Water-supply  |z Colombia  |z Bogotá. 
650 0 |a Low-income housing  |z Colombia  |z Bogotá. 
700 1 |a Toncón Chaparro, Julián Alberto,  |e author. 
791 2 |a Digitalia (Firm),  |e distributor. 
793 0 |g Digitalia eBook Collection:  |a Editorial Aula de Humanidades 
776 0 8 |i Print version:  |a Valdés Martínez, Marlon David.  |t Gente del agua.  |b Primera edición.  |d Bogotá : Editorial Aula de Humanidades, [2024]  |z 9786287700222 
830 0 |a Educación y pedagogía (Editorial Aula de Humanidades).  |p Inclusión. 
856 4 0 |3 Digitalia Hispánica  |u https://www.digitaliapublishing.com/a/159377/ 
910 |a Premium collection: 2024